|
|
|
|
| LEADER |
01187nam a2200277 a 4500 |
| 001 |
15049042 |
| 003 |
BD-DhAAL |
| 005 |
20250629130904.0 |
| 008 |
091112s2007 ii a b 001 0 eng d |
| 010 |
|
|
|a 2007042985
|
| 020 |
|
|
|a 9780761936169 (pbk.)
|
| 020 |
|
|
|a 9788178297804
|
| 040 |
|
|
|a DLC
|c DLC
|d DLC
|d BD-DhAAL
|
| 082 |
0 |
0 |
|a 338/.04
|2 22
|
| 245 |
0 |
0 |
|a Developmental aspects of entrepreneurship /
|c edited by Shivganesh Bhargava.
|
| 260 |
|
|
|a New Delhi ;
|a Thousand Oaks, Calif. :
|b Response Books,
|c 2007.
|
| 300 |
|
|
|a 220 pages :
|b illustrations ;
|c 23 cm.
|
| 504 |
|
|
|a Includes bibliographical references and index.
|
| 526 |
|
|
|a BBS
|x Requisitioned by Faculties of BBS
Course name and no : N/A
|
| 541 |
1 |
|
|a Karim International
|e 00019549
|
| 650 |
|
0 |
|a Entrepreneurship.
|
| 700 |
1 |
|
|a Bhargava, Shivganesh,
|d 1959-
|9 58585
|
| 852 |
4 |
|
|a Ayesha Abed Library
|j General Shelf.
|
| 942 |
|
|
|2 ddc
|c BK
|
| 999 |
|
|
|c 5481
|d 5481
|
| 952 |
|
|
|0 0
|1 0
|2 ddc
|4 0
|6 338_040000000000000_DEV
|7 0
|9 5369
|a BRACUL
|b BRACUL
|c GEN
|d 2009-11-10
|e Karim International
|g 534.00
|l 2
|m 15
|o 338.04 DEV
|p 3010019549
|r 2019-12-24
|s 2019-09-22
|t 1
|w 2009-11-15
|y BK
|x Requisitioned by Faculties of BBS. Course name and no. "not available".
|